<?xml version="1.0" encoding="UTF-8"?>
<record
    xmlns:xsi="http://www.w3.org/2001/XMLSchema-instance"
    xsi:schemaLocation="http://www.loc.gov/MARC21/slim http://www.loc.gov/standards/marcxml/schema/MARC21slim.xsd"
    xmlns="http://www.loc.gov/MARC21/slim">

  <leader>01292nam0a2200325   4500</leader>
  <controlfield tag="001">RU\NLR\bibl\1867024</controlfield>
  <controlfield tag="005">20260408204426.0</controlfield>
  <datafield tag="010" ind1=" " ind2=" ">
    <subfield code="a">978-5-459-01107-4</subfield>
  </datafield>
  <datafield tag="021" ind1=" " ind2=" ">
    <subfield code="a">RU</subfield>
    <subfield code="b">2012-1234</subfield>
    <subfield code="9">98</subfield>
  </datafield>
  <datafield tag="035" ind1=" " ind2=" ">
    <subfield code="a">(NLR Aleph) 001856897</subfield>
  </datafield>
  <datafield tag="090" ind1=" " ind2=" ">
    <subfield code="a">2478210</subfield>
    <subfield code="c">2478210</subfield>
  </datafield>
  <datafield tag="100" ind1=" " ind2=" ">
    <subfield code="a">20120208d2012    u  y0rusy50      ca</subfield>
  </datafield>
  <datafield tag="101" ind1="0" ind2=" ">
    <subfield code="a">rus</subfield>
  </datafield>
  <datafield tag="102" ind1=" " ind2=" ">
    <subfield code="a">RU</subfield>
  </datafield>
  <datafield tag="105" ind1=" " ind2=" ">
    <subfield code="a">a   |||||||||</subfield>
  </datafield>
  <datafield tag="200" ind1="1" ind2=" ">
    <subfield code="a">&#x418;&#x441;&#x442;&#x438;&#x43D;&#x44B; &#x411;&#x43E;&#x43B;&#x43E;&#x442;&#x43E;&#x432;&#x430;</subfield>
    <subfield code="i">&#x420;&#x430;&#x43A; &#x43C;&#x43E;&#x436;&#x43D;&#x43E; &#x43F;&#x43E;&#x431;&#x435;&#x434;&#x438;&#x442;&#x44C;</subfield>
    <subfield code="f">&#x411;. &#x411;&#x43E;&#x43B;&#x43E;&#x442;&#x43E;&#x432;, &#x413;. &#x41F;&#x43E;&#x433;&#x43E;&#x436;&#x435;&#x432;</subfield>
  </datafield>
  <datafield tag="210" ind1=" " ind2=" ">
    <subfield code="a">&#x421;&#x430;&#x43D;&#x43A;&#x442;-&#x41F;&#x435;&#x442;&#x435;&#x440;&#x431;&#x443;&#x440;&#x433; [&#x438; &#x434;&#x440;.]</subfield>
    <subfield code="c">&#x41F;&#x438;&#x442;&#x435;&#x440;</subfield>
    <subfield code="d">2012</subfield>
  </datafield>
  <datafield tag="215" ind1=" " ind2=" ">
    <subfield code="a">221, [1] &#x441;.</subfield>
    <subfield code="c">&#x438;&#x43B;.</subfield>
    <subfield code="d">20</subfield>
  </datafield>
  <datafield tag="225" ind1="1" ind2=" ">
    <subfield code="a">&#x416;&#x438;&#x437;&#x43D;&#x44C; &#x43F;&#x43E; &#x411;&#x43E;&#x43B;&#x43E;&#x442;&#x43E;&#x432;&#x443;</subfield>
  </datafield>
  <datafield tag="225" ind1="1" ind2=" ">
    <subfield code="a">&#x41C;&#x435;&#x434;&#x438;&#x446;&#x438;&#x43D;&#x430; &#x411;&#x43E;&#x43B;&#x43E;&#x442;&#x43E;&#x432;&#x430;</subfield>
    <subfield code="e">&#x41C;&#x411;</subfield>
  </datafield>
  <datafield tag="606" ind1=" " ind2=" ">
    <subfield code="a">&#x420;&#x430;&#x43A; (&#x43E;&#x43D;&#x43A;&#x43E;&#x43B;.)</subfield>
    <subfield code="x">&#x422;&#x435;&#x440;&#x430;&#x43F;&#x438;&#x44F; &#x43D;&#x435;&#x442;&#x440;&#x430;&#x434;&#x438;&#x446;&#x438;&#x43E;&#x43D;&#x43D;&#x430;&#x44F;</subfield>
    <subfield code="x">&#x411;&#x43E;&#x43B;&#x43E;&#x442;&#x43E;&#x432;&#x430; &#x43C;&#x435;&#x442;&#x43E;&#x434;</subfield>
    <subfield code="3">RU\NLR\auth\661570826</subfield>
    <subfield code="9">2094255</subfield>
  </datafield>
  <datafield tag="686" ind1=" " ind2=" ">
    <subfield code="a">&#x420;562.1-5</subfield>
  </datafield>
  <datafield tag="700" ind1=" " ind2="1">
    <subfield code="4">070</subfield>
    <subfield code="8">rus</subfield>
    <subfield code="7">ca</subfield>
    <subfield code="a">&#x411;&#x43E;&#x43B;&#x43E;&#x442;&#x43E;&#x432;</subfield>
    <subfield code="b">&#x411;. &#x412;.</subfield>
    <subfield code="c">&#x43D;&#x430;&#x440;&#x43E;&#x434;&#x43D;&#x44B;&#x439; &#x446;&#x435;&#x43B;&#x438;&#x442;&#x435;&#x43B;&#x44C;</subfield>
    <subfield code="f">1930-</subfield>
    <subfield code="g">&#x411;&#x43E;&#x440;&#x438;&#x441; &#x412;&#x430;&#x441;&#x438;&#x43B;&#x44C;&#x435;&#x432;&#x438;&#x447;</subfield>
    <subfield code="3">RU\NLR\auth\7794805</subfield>
    <subfield code="9">77731</subfield>
  </datafield>
  <datafield tag="701" ind1=" " ind2="1">
    <subfield code="4">070</subfield>
    <subfield code="8">rus</subfield>
    <subfield code="7">ca</subfield>
    <subfield code="a">&#x41F;&#x43E;&#x433;&#x43E;&#x436;&#x435;&#x432;</subfield>
    <subfield code="b">&#x413;. &#x410;.</subfield>
    <subfield code="g">&#x413;&#x43B;&#x435;&#x431; &#x410;&#x43D;&#x434;&#x440;&#x435;&#x435;&#x432;&#x438;&#x447;</subfield>
    <subfield code="3">RU\NLR\auth\7711822</subfield>
    <subfield code="9">121558</subfield>
  </datafield>
  <datafield tag="801" ind1=" " ind2="0">
    <subfield code="a">RU</subfield>
    <subfield code="b">NLR</subfield>
    <subfield code="c">20120208</subfield>
    <subfield code="g">RCR</subfield>
  </datafield>
  <datafield tag="801" ind1=" " ind2="1">
    <subfield code="a">RU</subfield>
    <subfield code="b">NLR</subfield>
    <subfield code="c">20120208</subfield>
  </datafield>
  <datafield tag="942" ind1=" " ind2=" ">
    <subfield code="c">BOOK</subfield>
  </datafield>
  <datafield tag="980" ind1=" " ind2=" ">
    <subfield code="a">NB</subfield>
  </datafield>
  <datafield tag="980" ind1=" " ind2=" ">
    <subfield code="a">NBR</subfield>
  </datafield>
  <datafield tag="995" ind1=" " ind2=" ">
    <subfield code="5">2012-02-08</subfield>
    <subfield code="a">ad</subfield>
    <subfield code="b">NLR01</subfield>
    <subfield code="c">NLR01</subfield>
    <subfield code="e">RF8</subfield>
    <subfield code="f">3590806</subfield>
    <subfield code="k">2012-3/4112</subfield>
    <subfield code="o">0</subfield>
    <subfield code="r">BOOK</subfield>
    <subfield code="s">201234112_</subfield>
  </datafield>
  <datafield tag="995" ind1=" " ind2=" ">
    <subfield code="5">2012-02-08</subfield>
    <subfield code="a">ad</subfield>
    <subfield code="b">NLR01</subfield>
    <subfield code="c">NLR01</subfield>
    <subfield code="e">RF8</subfield>
    <subfield code="f">3590807</subfield>
    <subfield code="k">2012-3/4112</subfield>
    <subfield code="o">0</subfield>
    <subfield code="r">BOOK</subfield>
    <subfield code="s">201234112_</subfield>
  </datafield>
</record>
